Christopher Columbus, Mariner / Samuel Eliot Morison (Registro nro. 40836)
[ vista simple ]
| 000 -LÍDER | |
|---|---|
| Campo fijo de descripción fija | 003310000a22001330004500 |
| 041 0# - CÓDIGO DE IDIOMA | |
| Código de idioma para texto/pista de sonido o título separado | |
| 082 04 - NÚMERO DE CLASIFICACIÓN DECIMAL DEWEY | |
| Número de clasificación | G 970.01 M861c |
| 001 - NÚMERO DE CONTROL | |
| Campo de control | 11609 |
| 100 1# - ASIENTO PRINCIPAL--NOMBRE PERSONAL | |
| Nombre personal | Morison, Samuel Eliot (1887-1976) |
| 245 10 - TÍTULO | |
| Título del Material | Christopher Columbus, Mariner / Samuel Eliot Morison |
| 260 ## - PUBLICACIÓN, DISTRIBUCIÓN, ETC. (PIE DE IMPRENTA) | |
| Lugar de publicación, distribución, etc. | New York, N.Y., USA : Mentor |
| 300 ## - DESCRIPCIÓN FÍSICA | |
| Extensión | 160 Pag |
| 942 ## - TIPO DE MATERIAL (KOHA) | |
| Tipo de Item KOHA | Libros General |
| Estado de Material | Estado de Perdido | Estado de Dañado | No para Préstamo | Colección | Tomo | Biblioteca de Origen | Biblioteca Permanente | Fecha de Adquisición | Total de Préstamos | Signatura Topográfica | Código de Barras | Última vez visto | Ejemplar/Existencia | Fecha de Remplazo | Tipo de Material |
|---|---|---|---|---|---|---|---|---|---|---|---|---|---|---|---|
| Colección General | Biblioteca FUSBC | Biblioteca FUSBC | 27/01/2005 | G 970.01 M861c | 13579 | 12/12/2019 | 1 | 26/01/2016 | Libros General |
